| 000 | 00383nam a22001217a 4500 | ||
|---|---|---|---|
| 082 | _a200 THE | ||
| 100 |
_aQAZI AITEZAZ AHMED _970501 |
||
| 245 | _aTH-SOF-1197-An Investigation into Salient Region Detection Models | ||
| 260 |
_aIslamabad _bNUST College of EME _c2014 |
||
| 650 | _aMS-COMPUTER ENGINEERING-69 MSTHESIS | ||
| 700 |
_aSupervison DR. MAHMOOD AKHTAR _970502 |
||
| 942 | _cCF | ||
| 999 |
_c577477 _d577477 |
||